Statistics for The Legend of Zelda: Breath of the Wild Armor and Shields

Click here to take the quiz!

General Stats

  • This quiz has been taken 92 times
  • The average score is 30 of 124

Answer Stats

Type of ArmorAnswer% Correct
LegsHylian Trousers
52%
HeadAncient Helm
50%
HeadZora Helm
48%
HeadHylian Hood
46%
ShieldHylian Shield
46%
ShieldBoko Shield
45%
BodyZora Armor
43%
HeadFlame Breaker Helm
41%
ShieldPot Lid
41%
ShieldKnight's Shield
39%
Head DLCMajoras Mask
39%
JewelryAmber Earrings
38%
BodyHylian Tunic
38%
ShieldLizal Shield
38%
ShieldRoyal Shield
38%
ShieldSoldier's Shield
38%
HeadThunder Helm
38%
ShieldWooden Shield
38%
HeadCap of the Wild
36%
BodyFlamebreaker Armor
36%
BodyOld Shirt
36%
ShieldRoyal Guard's Shield
36%
HeadRubber Helm
36%
ShieldTraveler's Shield
36%
BodyChampion's Tunic
34%
JewelryDiamond Circlet
34%
ShieldGuardian Shield
34%
ShieldGuardian Shield+
34%
ShieldGuardian Shield++
34%
BodyRubber Armor
34%
HeadSoldier's Helm
34%
BodyTunic of the Wild
34%
LegsAncient Greaves
32%
HeadBarbarian Helm
32%
ShieldSteel Lizal Shield
32%
JewelryTopaz Earrings
32%
ShieldLynel Shield
30%
JewelrySapphire Circlet
30%
ShieldSpiked Boko Shield
30%
ShieldAncient Shield
29%
BodyBarbarian Armor
29%
JewelryRuby Circlet
29%
LegsSnowquill Trousers
29%
BodySnowquill Tunic
29%
LegsTrousers of the Wild
29%
LegsZora Greaves
29%
HeadBokoblin Mask
27%
ShieldDragonbone Boko Shield
27%
BodySoldier's Armor
27%
LegsSoldier's Greaves
27%
LegsWell Worn Trousers
27%
LegsFlamebreaker Boots
25%
ShieldKite Shield
25%
HeadLizalfos Mask
25%
HeadMoblin Mask
25%
JewelryOpal Earrings
25%
BodyWarm Doublet
25%
HeadDesert Voe Headband
23%
ShieldFisherman's Shield
23%
ShieldGerudo Shield
23%
Head DLCKorok Mask
23%
HeadLynel Mask
23%
ShieldMighty Lynel Shield
23%
Body DLCPhantom Armor
23%
ShieldReinforced Lizal Shield
23%
LegsRubber Tights
23%
ShieldSavage Lynel Shield
23%
HeadStealth Mask
23%
BodyAncient Cuirass
21%
ShieldDaybreaker
21%
Legs DLCPhantom Greaves
21%
HeadSnowquill Headdress
21%
LegsBarbarian Leg Wraps
20%
HeadClimbers Bandana
20%
HeadGerudo Veil
20%
Head DLCPhantom Helmet
20%
HeadRadiant Mask
20%
ShieldRadiant Shield
20%
ShieldSilver Shield
20%
LegsSnow Boots
20%
Head DLCCap of the Wind
18%
BodyDesert Voe Spaulder
18%
BodyGerudo Top
18%
Body DLCNintendo Switch Shirt
18%
LegsRadiant Tights
18%
ShieldRusty Shield
18%
LegsSand Boots
18%
Head DLCCap of Twilight
16%
BodyClimbing Gear
16%
LegsDark Trousers
16%
BodyDark Tunic
16%
LegsDesert Voe Trousers
16%
ShieldEmblazoned Shield
16%
BodyRadiant Shirt
16%
LegsStealth Tights
16%
Legs DLCTrousers of Twilight
16%
Body DLCTunic of the Wind
16%
Body DLCTunic of Twilight
16%
Head DLCCap of the Sky
14%
Head DLCCap of Time
14%
ShieldForest Dweller's Shield
14%
LegsGerudo Sirwal
14%
Head DLCMidnas Helmet
14%
ShieldShield of the Mind's Eye
14%
Legs DLCTrousers of Time
14%
Body DLCTunic of the Sky
14%
Body DLCTunic of Time
14%
ShieldHunter's Shield
13%
Head DLCTingles Hood
13%
Legs DLCTrousers of the Sky
13%
Legs DLCTrousers of the Wind
13%
Head DLCCap of the Hero
11%
HeadDark Hood
11%
BodyStealth Chest Guard
11%
Body DLCTingle's Shirt
11%
Legs DLCTingle's Tights
11%
Legs DLCTrousers of the Hero
11%
Body DLCTunic of the Hero
11%
LegsClimbing Boots
9%
Body DLCFierce Deity Armor
7%
Head DLCFierce Deity Mask
7%
Shield DLCHero's Shield
7%
Head DLCSheik's Mask
7%
Legs DLCFierce Deity Boots
4%

Score Distribution

Percentile by Number Answered

Percent of People with Each Score

Your Score History

You have not taken this quiz